Špeciálne úvahy – audity jednotlivých finančných výkazov a konkrétnych prvkov, účtov alebo položiek finančného výkazu diplomová práca

Saved in:
Bibliographic Details
Main Author: Čierťažská, Eva
Corporate Author: Fakulta hospodárskej informatiky EU. Katedra účtovníctva a audítorstva
Other Authors: Kareš, Ladislav
Format: Book
Language:Slovak
Published: Bratislava 2012
Tags: Add Tag
No Tags, Be the first to tag this record!

MARC

LEADER 00000nbm a2200000 4500
001 0154789
005 20161109102144.8
041 0 |a slo 
044 |a SK 
245 1 0 |a Špeciálne úvahy – audity jednotlivých finančných výkazov a konkrétnych prvkov, účtov alebo položiek finančného výkazu  |b diplomová práca  |c Eva Čierťažská ; školiteľ: Ladislav Kareš 
264 1 |a Bratislava  |c 2012 
300 |a 68 s. 
100 1 |a Čierťažská, Eva 
700 1 |a Kareš, Ladislav 
710 2 |a Fakulta hospodárskej informatiky EU. Katedra účtovníctva a audítorstva